Suy nghĩ như một nhà quản lý : Khi đề bạt bạn, có nghĩa là họ đã thật sự hài lòng về bạn!

সংরক্ষণ করুন:
গ্রন্থ-পঞ্জীর বিবরন
প্রধান লেখক:  Fritz, Roger
বিন্যাস: Sách
ভাষা:Undetermined
প্রকাশিত:  Tổng hợp Đồng Nai  2008
বিষয়গুলি:
ট্যাগগুলো: ট্যাগ যুক্ত করুন
কোনো ট্যাগ নেই, প্রথমজন হিসাবে ট্যাগ করুন!
Thư viện lưu trữ: Trung tâm Thư viện - Trường Đại học Công nghiệp TP. Hồ Chí Minh
LEADER 00602nam a2200157Ia 4500
001 UIH_06673
008 231011s9999 xx 000 0 und d
082 |a  658.4 
100 |a  Fritz, Roger 
245 0 |a  Suy nghĩ như một nhà quản lý : Khi đề bạt bạn, có nghĩa là họ đã thật sự hài lòng về bạn! 
245 0 |c  Fritz, Roger 
260 |b  Tổng hợp Đồng Nai 
260 |c  2008 
650 |a  Quản lí; Lãnh đạo;  
927 |a Sách 
980 |a Trung tâm Thư viện - Trường Đại học Công nghiệp TP. Hồ Chí Minh